00622nam a2200157 4500001000700000003000900007007000300016008004100019100004000060245013500100260004400235300002700279852002000306999001900326952011900345143908ES-MaACLt|070214s1916 xxk r ||||1| eng d1 aSherard, Robert Harborough.910609414aThe Real Oscar Wilde b: with numerous unpublished letters, facsimiles, portraits and illustrations / cRobert Harborough Sherard. aLondon : bThe Riverside Press, c1916. aXVI, 432 p. ; c23 cm. aES-MaACLjC-821 c143908d143908 00104070aATENEOMbATENEOMcSPALd2008-01-17eSCl0oC-821p1149724r2023-02-23 00:00:00w2023-02-23yMONOGRAFIA